000 00538nam a22002057a 4500
003 OSt
005 20230929074326.0
008 150326b xxu||||| |||| 00| 0 eng d
020 _a0044450915
040 _cDNLM
082 _aWM100 S11p 1989
100 _aStafford-Clark, David; Bridges, Paul; Black, Dora
_93371
245 _aPsychiatry for Students
250 _a7th ed.
260 _aLondon;
_bUNWIN HYMAN,
_c1989.
300 _axiii, 320 p :
_c24 cm
504 _aIncludes index
650 _aPsychiatry
_9351
942 _2z
_cSLOAN
999 _c1260
_d1260